<?xml version="1.0" encoding="UTF-8"?>
<record
    xmlns:xsi="http://www.w3.org/2001/XMLSchema-instance"
    xsi:schemaLocation="http://www.loc.gov/MARC21/slim http://www.loc.gov/standards/marcxml/schema/MARC21slim.xsd"
    xmlns="http://www.loc.gov/MARC21/slim">

  <leader>02160nam a2200289Ia 4500</leader>
  <controlfield tag="001">H9857</controlfield>
  <controlfield tag="003">IT-RoPAU</controlfield>
  <controlfield tag="008">130308s9999    xx            000 0 und d</controlfield>
  <datafield tag="040" ind1=" " ind2=" ">
    <subfield code="a">IT-RoPAU</subfield>
  </datafield>
  <datafield tag="040" ind1=" " ind2=" ">
    <subfield code="c">IT-RoPAU</subfield>
  </datafield>
  <datafield tag="041" ind1=" " ind2=" ">
    <subfield code="a">ITALIANO</subfield>
  </datafield>
  <datafield tag="100" ind1=" " ind2=" ">
    <subfield code="a">Bertetto Paolo</subfield>
  </datafield>
  <datafield tag="100" ind1=" " ind2=" ">
    <subfield code="g">Codice Aut. SPICS:  9253</subfield>
  </datafield>
  <datafield tag="245" ind1=" " ind2=" ">
    <subfield code="a">Specchio e il simulacro (Lo). Il cinema nel mondo diventato favola</subfield>
  </datafield>
  <datafield tag="245" ind1=" " ind2=" ">
    <subfield code="b">Specchio e Il simulacro (Lo). Il Cinema nel Mondo Diventato Favola</subfield>
  </datafield>
  <datafield tag="250" ind1=" " ind2=" ">
    <subfield code="a">1a ed.</subfield>
  </datafield>
  <datafield tag="260" ind1=" " ind2=" ">
    <subfield code="a">MILANO</subfield>
  </datafield>
  <datafield tag="260" ind1=" " ind2=" ">
    <subfield code="b">Bompiani</subfield>
  </datafield>
  <datafield tag="260" ind1=" " ind2=" ">
    <subfield code="c">2008 [1&#xB0; Ed.:2008 - Ed.Ling.Originale:2008]</subfield>
  </datafield>
  <datafield tag="300" ind1=" " ind2=" ">
    <subfield code="a">"274 p. (prefazione: no ; testo: 274 [pagine: 0-0])"</subfield>
  </datafield>
  <datafield tag="500" ind1=" " ind2=" ">
    <subfield code="a">"Immaginario Simulacro: Fine Mondo Vero; immagine Filmica; Profilmico e messa in Scena; copia Differenziale di una copia Differenziale senza Originale; The Woman in The Window; Vertigo, simulacro del Soggetto e messa in Scena; seduzione e Fascinazione Spettatore. messa in scena e Simulazione: Jfk; Essai De simulation di Delire Cinematographique; King Kong; Simulazione, Simulare, simulazione Significante; Performance Nei Film di Warhol; Documentario tra Vertov, Flaherty e Rouch; simulazione e Mimesi; Apparenza e Somiglianza; Riconoscibilit&#xE0; e Somiglianza. configurazione della Luce: Oscurit&#xE0; Eluce; immagine Filmica e Visibilita'; rappresentazione Versus Configurazione; immagine Filmica e forme Visibili; immagine Oltre Mimesi; Effetto di Reale e Assenza Oggetto; Mulholland Drive. Monument Valley e immagine Mediatica: Modificazione del Senso; immagine e Invisibile. Specchio e immagine Riflessiva: Soggetto Vedente Visibile; Configurazioni immagine Allo Specchio; immagine Speculare e Riflessibilit&#xE0; Soggetto; Oltrepassamento immagine Speculare; immagine Speculare e costituzione Soggettivit&#xE0;. immagine e forme Eidetiche: Idee e Incoscio; tipologie immagini Eidetiche; Eidetico e Avanguardia. immagine Filmica e Figurale: Figura, Figurale; Modi Figurale nel Cinema: Vinyl e a Clockwork Orange. immagine interpretativa Verit&#xE0; e Illusione."</subfield>
  </datafield>
  <datafield tag="650" ind1=" " ind2=" ">
    <subfield code="a">SAGGI SUL CINEMA</subfield>
  </datafield>
  <datafield tag="650" ind1=" " ind2=" ">
    <subfield code="e">Codice materia Spics: 6811</subfield>
  </datafield>
  <datafield tag="942" ind1=" " ind2=" ">
    <subfield code="c">BK</subfield>
  </datafield>
  <datafield tag="957" ind1=" " ind2=" ">
    <subfield code="7">1</subfield>
  </datafield>
  <datafield tag="999" ind1=" " ind2=" ">
    <subfield code="c">93607</subfield>
    <subfield code="d">93607</subfield>
  </datafield>
  <datafield tag="999" ind1=" " ind2=" ">
    <subfield code="g">1</subfield>
  </datafield>
  <datafield tag="952" ind1=" " ind2=" ">
    <subfield code="0">0</subfield>
    <subfield code="1">0</subfield>
    <subfield code="4">0</subfield>
    <subfield code="6">H_000000000000000_9857</subfield>
    <subfield code="7">1</subfield>
    <subfield code="a">SPICS</subfield>
    <subfield code="b">SPICS</subfield>
    <subfield code="d">2013-03-08</subfield>
    <subfield code="l">0</subfield>
    <subfield code="o">H9857</subfield>
    <subfield code="r">2013-03-08 00:00:00</subfield>
    <subfield code="w">2013-03-08</subfield>
    <subfield code="y">BK</subfield>
    <subfield code="z">Progressivo inserimento:  41461 /  N. Volumi: 1 Copie: 1  / data import: 1 marzo 2013 - By Epidotti, Trombetti, Vaglietti. </subfield>
  </datafield>
</record>
